| 000 | 00591nam a2200205 4500 | ||
|---|---|---|---|
| 003 | OSt | ||
| 005 | 20240620061603.0 | ||
| 006 | a | ||
| 008 | 240620b |||||||| |||| 00| 0 eng d | ||
| 020 | _a9781405186612 | ||
| 040 |
_aDWCL-Main lib. _cOC |
||
| 082 | _aCirc. 658.2 W655f 2010 | ||
| 100 | _aWiggins, Jane M | ||
| 245 | _aFacilities manager’s desk reference / | ||
| 260 |
_aU.K. : _bWiley-Blackwell Pub., _cc2010. |
||
| 300 |
_axxix, _b537 p. ; _c24 cm. |
||
| 504 | _aIncludes index. | ||
| 650 | _a1. Facility management–Handbooks, manuals, etc. | ||
| 942 |
_2ddc _n0 _cBK-CIRC _kCirc. |
||
| 999 |
_c985 _d985 |
||